00313nam a22001098i 4500020001500000040000800015082002600023245007400049300001300123650002500136710004200161 a0195216784 cUKM04a338 UND 2000 C144 Or.00aHuman development report 2000 :bhuman development and human rights / a1 volume 4aEconomic development2 aUnited Nations Development Programme.